[Event "4NCL/Div4/NOTT2 vs. LIT2"]
[Site "Birmingham ENG"]
[Date "2007.10.28"]
[Round "2.4"]
[White "Mapletoft, Alexander J"]
[Black "Taylor, Robert P"]
[Result "1-0"]
[WhiteElo "1865"]
[BlackElo "1990"]
[PlyCount "85"]
[EventDate "2007.10.28"]
[EventType "team"]
[EventRounds "11"]
[EventCountry "ENG"]
[SourceDate "2007.09.15"]

1. e4 d6 2. d4 Nd7 3. Nc3 e5 4. Nge2 Ngf6 5. f3 c6 6. Be3 Be7 7. Qd2 b5 8. d5
cxd5 9. Nxd5 Bb7 10. Nec3 a6 11. Nxf6+ Nxf6 12. Nd5 Nxd5 13. exd5 O-O 14. O-O-O
f5 15. g3 Rc8 16. h4 Qc7 17. Bg5 Bf6 18. g4 fxg4 19. fxg4 Rf7 20. Bg2 Qc5 21.
Be3 Qc4 22. Kb1 Rfc7 23. g5 Bd8 24. Bh3 Rb8 25. Be6+ Kh8 26. Rhf1 Be7 27. Bb6
Bc8 28. Bxc7 Qxc7 29. Bxc8 Rxc8 30. Rf3 Re8 31. Rc3 Qa7 32. Rf1 Kg8 33. a3 a5
34. Qf2 Qd7 35. Qf7+ Kh8 36. Rcf3 Qd8 37. Qf5 g6 38. Qe4 Qc8 39. Rc3 Qb8 40.
Rcf3 Bf8 41. Rf7 Rc8 42. h5 Bg7 43. h6 1-0

[Event "4NCL/Div4/NOTT2 vs. LIT2"]
[Site "Birmingham ENG"]
[Date "2007.10.28"]
[Round "2.5"]
[White "Graham, Neil"]
[Black "Bryant, Kevin"]
[Result "1-0"]
[WhiteElo "1895"]
[BlackElo "1920"]
[PlyCount "83"]
[EventDate "2007.10.28"]
[EventType "team"]
[EventRounds "11"]
[EventCountry "ENG"]
[SourceDate "2007.09.15"]

1. d4 d6 2. Bg5 Bf5 3. Nd2 h6 4. e4 Bxe4 5. Nxe4 hxg5 6. Nxg5 e5 7. Nxf7 Kxf7
8. Qf3+ Nf6 9. dxe5 dxe5 10. Bc4+ Ke8 11. Qxb7 Nbd7 12. O-O-O Bd6 13. Nf3 Ke7
14. Ng5 Qb8 15. Qf3 Qb4 16. Bb3 Qf4+ 17. Qxf4 exf4 18. Rhe1+ Ne5 19. g3 Nh5 20.
Nf7 Kf6 21. Nxd6 cxd6 22. Rxd6+ Kf5 23. Be6+ Kf6 24. Bh3+ Ke7 25. Re6+ Kf7 26.
R6xe5 fxg3 27. fxg3 Nf6 28. Bg2 Rad8 29. Re7+ Kf8 30. h3 Rh5 31. Rxa7 Rf5 32.
Rae7 Rf2 33. R7e2 Rf5 34. g4 Ra5 35. a3 Ne8 36. Re5 Ra6 37. Rf1+ Kg8 38. Bd5+
Kh7 39. Rh5+ Rh6 40. Be4+ Kg8 41. Rxh6 gxh6 42. c4 1-0

[Event "4NCL/Div4/NOTT2 vs. LIT2"]
[Site "Birmingham ENG"]
[Date "2007.10.28"]
[Round "2.6"]
[White "Farrall, David J"]
[Black "Cranmer, Stan"]
[Result "1-0"]
[WhiteElo "1802"]
[BlackElo "1910"]
[PlyCount "61"]
[EventDate "2007.10.28"]
[EventType "team"]
[EventRounds "11"]
[EventCountry "ENG"]
[SourceDate "2007.09.15"]

1. e4 Nf6 2. e5 Nd5 3. d4 d6 4. Nf3 g6 5. c4 Nb6 6. exd6 cxd6 7. Nc3 Bg7 8. Be2
O-O 9. Be3 N8d7 10. Qd2 Nf6 11. O-O-O Ng4 12. h3 Nxe3 13. Qxe3 Bd7 14. g4 Rc8
15. b3 a5 16. g5 a4 17. h4 Bg4 18. Nh2 Bxe2 19. Qxe2 axb3 20. axb3 Qd7 21. Kb2
Qf5 22. Qf3 Qa5 23. Qd3 Qb4 24. Kc2 Ra8 25. Ra1 Nd7 26. Nd5 Rxa1 27. Rxa1 Qc5
28. dxc5 Bxa1 29. Nxe7+ Kg7 30. Qxd6 Rd8 31. Qc7 1-0

[Event "4NCL/Div4/HAL vs. FCA2"]
[Site "Birmingham ENG"]
[Date "2007.10.28"]
[Round "2.1"]
[White "Hylands, Liam"]
[Black "Smith, Graham"]
[Result "0-1"]
[WhiteElo "2055"]
[BlackElo "2123"]
[PlyCount "56"]
[EventDate "2007.10.28"]
[EventType "team"]
[EventRounds "11"]
[EventCountry "ENG"]
[SourceDate "2007.09.15"]

1. e4 c5 2. Nf3 e6 3. d4 cxd4 4. Nxd4 Bc5 5. Nb3 Bb6 6. Bd3 Ne7 7. Nc3 O-O 8.
Qe2 f5 9. Be3 Nbc6 10. Bxb6 Qxb6 11. O-O-O a5 12. Na4 Qc7 13. exf5 Qf4+ 14. Kb1
Qxa4 15. fxe6 dxe6 16. Nc5 Qh4 17. g3 Qh3 18. Bc4 Kh8 19. Nxe6 Bxe6 20. Bxe6
Qh6 21. f4 Qf6 22. Bd7 Rad8 23. Rhe1 Nf5 24. Rd5 Nfe7 25. Rdd1 h6 26. Qc4 Nb8
27. Re6 Qf7 28. Qe4 Nf5 0-1

[Event "4NCL/Div4/HAL vs. FCA2"]
[Site "Birmingham ENG"]
[Date "2007.10.28"]
[Round "2.2"]
[White "Habershon, Paul"]
[Black "Clarke, Neil"]
[Result "1-0"]
[WhiteElo "2094"]
[BlackElo "2005"]
[PlyCount "49"]
[EventDate "2007.10.28"]
[EventType "team"]
[EventRounds "11"]
[EventCountry "ENG"]
[SourceDate "2007.09.15"]

1. e4 c5 2. Nc3 Nc6 3. f4 g6 4. Nf3 Bg7 5. Bc4 e6 6. f5 Nge7 7. fxe6 fxe6 8. d3
O-O 9. O-O a6 10. a4 Nd4 11. Nxd4 cxd4 12. Ne2 Rxf1+ 13. Qxf1 Qf8 14. Qxf8+
Kxf8 15. Bf4 Nc6 16. Bd6+ Ke8 17. Rf1 Nd8 18. Bc5 b5 19. axb5 axb5 20. Bxb5 Ra5
21. c4 dxc3 22. Nxc3 Nb7 23. Bb4 Ra8 24. Bc4 Nd8 25. Nb5 1-0

[Event "4NCL/Div4/HAL vs. FCA2"]
[Site "Birmingham ENG"]
[Date "2007.10.28"]
[Round "2.3"]
[White "Doran, Michael J"]
[Black "Williamson, Kevin J"]
[Result "0-1"]
[WhiteElo "2005"]
[BlackElo "2043"]
[PlyCount "136"]
[EventDate "2007.10.28"]
[EventType "team"]
[EventRounds "11"]
[EventCountry "ENG"]
[SourceDate "2007.09.15"]

1. e4 d5 2. exd5 Qxd5 3. Nc3 Qd6 4. d4 Nf6 5. Nf3 a6 6. Bg5 b5 7. Qd2 Bb7 8. a3
Nbd7 9. Be2 e6 10. O-O Be7 11. h3 O-O 12. Rfe1 c5 13. Rad1 Rfd8 14. Qe3 Nd5 15.
Bxe7 Qxe7 16. Nxd5 Bxd5 17. Bd3 Bxf3 18. Qxf3 cxd4 19. Be4 Rac8 20. Rxd4 Nf6
21. Rxd8+ Rxd8 22. Bd3 b4 23. Bxa6 bxa3 24. bxa3 Qc5 25. c4 h6 26. Bb5 e5 27.
Qe3 Qe7 28. a4 e4 29. a5 Qb4 30. Ra1 Rd3 31. Qe1 Qb2 32. a6 e3 33. fxe3 Rd2 34.
a7 Rxg2+ 35. Kf1 Rf2+ 36. Qxf2 Qxa1+ 37. Qe1 Qxa7 38. Qd2 Qa1+ 39. Kg2 Qa8+ 40.
Kh2 Qb8+ 41. Kg2 Ne4 42. Qe1 Qe5 43. Bc6 Qb2+ 44. Kg1 Ng5 45. Qf1 Qb6 46. Bd5
Qxe3+ 47. Kh2 Qe5+ 48. Kh1 Qg3 49. Bg2 Ne6 50. Bd5 Nf4 51. Bg2 Qxg2+ 52. Qxg2
Nxg2 53. Kxg2 f5 54. Kf3 Kf7 55. Kf4 Ke6 56. h4 g6 57. c5 Kd5 58. c6 Kxc6 59.
h5 g5+ 60. Kxf5 Kd6 61. Kg6 g4 62. Kxh6 g3 63. Kh7 g2 64. h6 Ke7 65. Kh8 Kf7
66. h7 Kf6 67. Kg8 g1=Q+ 68. Kf8 Qg7+ 0-1

[Event "4NCL/Div4/HAL vs. FCA2"]
[Site "Birmingham ENG"]
[Date "2007.10.28"]
[Round "2.4"]
[White "Kendall, Paul S N"]
[Black "Asbury, Jon A"]
[Result "1/2-1/2"]
[WhiteElo "2061"]
[BlackElo "1870"]
[PlyCount "69"]
[EventDate "2007.10.28"]
[EventType "team"]
[EventRounds "11"]
[EventCountry "ENG"]
[SourceDate "2007.09.15"]

1. e4 e6 2. d3 d5 3. Nd2 c5 4. Ngf3 Nc6 5. g3 Bd6 6. Bg2 Nf6 7. O-O O-O 8. Re1
Qc7 9. Qe2 Nd7 10. c3 b6 11. a3 a5 12. c4 Bb7 13. Nf1 dxe4 14. dxe4 Rad8 15.
Be3 Nde5 16. Nxe5 Bxe5 17. Rab1 Rd7 18. Qg4 Rfd8 19. Bg5 Re8 20. Bf4 Bxf4 21.
gxf4 Rd4 22. Ne3 Red8 23. Red1 Rd2 24. Rxd2 Rxd2 25. f5 Ne5 26. Qg3 Qd6 27. f6
g6 28. Qg5 Qd4 29. Qh6 Nf3+ 30. Bxf3 Qxf6 31. Nd5 exd5 32. Qxd2 Qxf3 33. exd5
Qg4+ 34. Kf1 Qxc4+ 35. Kg1 1/2-1/2

[Event "4NCL/Div4/HAL vs. FCA2"]
[Site "Birmingham ENG"]
[Date "2007.10.28"]
[Round "2.5"]
[White "Llewelyn, John D"]
[Black "Majer, Chris E"]
[Result "1-0"]
[WhiteElo "1810"]
[BlackElo "2060"]
[PlyCount "115"]
[EventDate "2007.10.28"]
[EventType "team"]
[EventRounds "11"]
[EventCountry "ENG"]
[SourceDate "2007.09.15"]

1. e4 d5 2. exd5 Qxd5 3. Nc3 Qd8 4. d4 Nf6 5. Nf3 Bg4 6. Be2 e6 7. O-O c6 8.
Re1 Nbd7 9. Bg5 Qc7 10. Qd2 Bd6 11. h3 Bh5 12. Nh4 Bxe2 13. Rxe2 O-O-O 14. Nf3
h6 15. Be3 g5 16. Qd3 g4 17. hxg4 Nxg4 18. d5 Nxe3 19. dxe6 fxe6 20. Qxe3 Bc5
21. Qxe6 Rhg8 22. Rd1 Rg7 23. Ne4 Re7 24. Nxc5 Rxe6 25. Nxe6 Re8 26. Nxc7 Rxe2
27. Nd4 Re5 28. Nde6 Re2 29. Rc1 Re5 30. Kf1 Rh5 31. Ke2 Re5+ 32. Kd2 Rf5 33.
Rf1 Ne5 34. Kc3 Kd7 35. Rd1+ Ke7 36. f3 Rf6 37. Re1 Nf7 38. Nc5+ Kd8 39. N7e6+
Kc8 40. Nd3 b6 41. Nef4 Kd7 42. Re3 a6 43. g3 Nd6 44. Ne5+ Kc7 45. Ng4 Rf7 46.
Nxh6 Rh7 47. Ng4 Nf5 48. Rd3 Nxg3 49. Ne6+ Kb7 50. Nf6 Rh6 51. Rd7+ Kc8 52.
Rc7+ Kb8 53. Nd7+ Ka8 54. Nxb6+ Kb8 55. Nd7+ Ka8 56. Rxc6 Ka7 57. Rc7+ Ka8 58.
Nd4 1-0

[Event "4NCL/Div4/HAL vs. FCA2"]
[Site "Birmingham ENG"]
[Date "2007.10.28"]
[Round "2.6"]
[White "Valentine, Brian J"]
[Black "Banks, Peter"]
[Result "1-0"]
[WhiteElo "1986"]
[BlackElo "1710"]
[PlyCount "34"]
[EventDate "2007.10.28"]
[EventType "team"]
[EventRounds "11"]
[EventCountry "ENG"]
[SourceDate "2007.09.15"]

1. e4 e5 2. Nc3 Bb4 3. Nf3 Nc6 4. Bb5 Bxc3 5. bxc3 d6 6. d4 exd4 7. cxd4 Bd7 8.
O-O Nf6 9. e5 dxe5 10. dxe5 Ng4 11. Ba3 a6 12. Bd3 Be6 13. Qe2 Nd4 14. Nxd4
Qxd4 15. Rab1 b5 16. Rb4 Qc3 17. Qf3 O-O 1-0

[Event "4NCL/Div4/CELT2 vs. KJCAK"]
[Site "Birmingham ENG"]
[Date "2007.10.28"]
[Round "2.1"]
[White "Brown, Tom"]
[Black "Jones, William"]
[Result "0-1"]
[WhiteElo "2024"]
[BlackElo "1986"]
[PlyCount "56"]
[EventDate "2007.10.28"]
[EventType "team"]
[EventRounds "11"]
[EventCountry "ENG"]
[SourceDate "2007.09.15"]

1. d4 Nf6 2. c4 g6 3. Nc3 Bg7 4. e4 d6 5. Nf3 O-O 6. Be2 e5 7. O-O Nc6 8. d5
Ne7 9. Ne1 Nd7 10. Be3 f5 11. f3 f4 12. Bf2 g5 13. a4 Ng6 14. Nb5 Nf6 15. Nxa7
Bd7 16. c5 g4 17. Nb5 g3 18. hxg3 fxg3 19. Bxg3 Nh5 20. Bf2 Qg5 21. g4 Ngf4 22.
Nxc7 Qh6 23. Bh4 Nh3+ 24. Kg2 N5f4+ 25. Kg3 Ng6 26. Kxh3 Qxh4+ 27. Kg2 Nf4+ 28.
Kg1 Qg3+ 0-1

[Event "4NCL/Div4/CELT2 vs. KJCAK"]
[Site "Birmingham ENG"]
[Date "2007.10.28"]
[Round "2.2"]
[White "Bayliss, Lyall C P"]
[Black "Fathallah, Joe"]
[Result "1/2-1/2"]
[WhiteElo "1967"]
[BlackElo "1971"]
[PlyCount "78"]
[EventDate "2007.10.28"]
[EventType "team"]
[EventRounds "11"]
[EventCountry "ENG"]
[SourceDate "2007.09.15"]

1. e4 e6 2. d4 d5 3. e5 c5 4. c3 Nc6 5. Nf3 a6 6. Be2 Be7 7. O-O b5 8. Be3 Qb6
9. Bg5 Bb7 10. Bxe7 Ngxe7 11. a4 h6 12. axb5 axb5 13. Rxa8+ Bxa8 14. dxc5 Qxc5
15. b4 Qb6 16. Na3 O-O 17. Bxb5 Ng6 18. Re1 Rc8 19. Bf1 Qb8 20. Qe2 Na7 21. Qe3
Qc7 22. b5 Qc5 23. Qxc5 Rxc5 24. Re3 Nc8 25. Nd4 Nb6 26. Nb3 Rc7 27. g3 Ra7 28.
Nb1 Nc4 29. Bxc4 dxc4 30. N3d2 Bd5 31. f4 Ne7 32. b6 Ra4 33. Nf1 Nc8 34. b7
Bxb7 35. Nbd2 Bd5 36. Re1 Na7 37. Kf2 Nb5 38. Rc1 Ra3 39. Ne3 Rxc3 1/2-1/2

[Event "4NCL/Div4/CELT2 vs. KJCAK"]
[Site "Birmingham ENG"]
[Date "2007.10.28"]
[Round "2.3"]
[White "Burgess, Thomas"]
[Black "Jones, Victor"]
[Result "0-1"]
[WhiteElo "1870"]
[BlackElo "1851"]
[PlyCount "132"]
[EventDate "2007.10.28"]
[EventType "team"]
[EventRounds "11"]
[EventCountry "ENG"]
[SourceDate "2007.09.15"]

1. d4 Nf6 2. Bf4 d6 3. Nf3 g6 4. h3 Bg7 5. e3 O-O 6. Be2 b6 7. O-O Bb7 8. Bh2
Nbd7 9. c3 Re8 10. Re1 e5 11. a4 a6 12. a5 b5 13. b4 Qe7 14. Bf1 Ne4 15. Ra2 f5
16. Rc2 c5 17. bxc5 dxc5 18. dxe5 Rad8 19. Qc1 Nxe5 20. Nxe5 Bxe5 21. Bxe5 {=}
Qxe5 22. Nd2 Qc7 23. c4 Nxd2 24. Rxd2 Qxa5 25. Rxd8 Rxd8 26. cxb5 axb5 27. Rd1
Rxd1 28. Qxd1 Qb6 29. Qd7 Qc6 30. Qd8+ Kf7 31. Qh8 h5 32. Qh7+ Ke8 33. Qg8+ Ke7
34. Qg7+ Kd8 35. Qf8+ Kc7 36. Qe7+ Kb6 37. Qd8+ Ka6 38. Qd1 c4 39. Qa1+ Kb6 40.
Qd4+ Kc7 41. Qg7+ Kb8 42. Qh8+ Ka7 43. Qa1+ Kb6 44. Qd4+ Qc5 45. Qf6+ Bc6 46.
Qc3 g5 47. Be2 g4 48. hxg4 fxg4 49. Kh2 Qd5 50. f3 gxf3 51. Bxf3 Qd6+ 52. Kg1
Bxf3 53. gxf3 Qg3+ 54. Kh1 Qxf3+ 55. Kh2 Qd5 56. Qf6+ Qc6 57. Qd4+ Kb7 58. Qc3
h4 59. Kh3 Qh1+ 60. Kg4 Qh2 61. Qg7+ Qc7 62. Qc3 Qg3+ 63. Kf5 h3 64. Qa5 Qf3+
65. Kg6 Qxe3 66. Qd8 Qb6+ 0-1

[Event "4NCL/Div4/CELT2 vs. KJCAK"]
[Site "Birmingham ENG"]
[Date "2007.10.28"]
[Round "2.4"]
[White "Jones, Laurence"]
[Black "Davy, John"]
[Result "0-1"]
[WhiteElo "1758"]
[BlackElo "1936"]
[PlyCount "104"]
[EventDate "2007.10.28"]
[EventType "team"]
[EventRounds "11"]
[EventCountry "ENG"]
[SourceDate "2007.09.15"]

1. e4 d6 2. d4 Nf6 3. f3 g6 4. Be3 c6 5. Qd2 b5 6. a4 bxa4 7. Nc3 Nbd7 8. Nxa4
Qc7 9. Bd3 Bg7 10. Ne2 O-O 11. O-O Bb7 12. c4 c5 13. d5 Rfb8 14. Nac3 Ne5 15.
Nb5 Qb6 16. Nec3 Bc8 17. Be2 a6 18. Na4 Qd8 19. Nbc3 Rb4 20. b3 Rxb3 21. Rfb1
Rab8 22. Rxb3 Rxb3 23. Qc2 Rb4 24. Na2 Rb8 25. N2c3 Rb4 26. Na2 Rb8 27. N2c3
Kf8 28. h3 Rb4 29. Na2 Rb8 30. f4 Nxc4 31. Bxc4 Nxd5 32. Re1 Nxe3 33. Rxe3 Bd4
34. Kf2 Bd7 35. Kf3 Bxe3 36. Kxe3 Qa5 37. N4c3 Qa3 38. Qd3 Bb5 39. Nxb5 Qxd3+
40. Bxd3 axb5 41. Nc3 c4 42. Bc2 e6 43. Kd4 Ke7 44. g4 f6 45. Na2 Ra8 46. Nb4
Kd7 47. e5 fxe5+ 48. fxe5 Ra1 49. exd6 Kxd6 50. Be4 e5+ 51. Kc3 Ra3+ 52. Kb2
Rb3+ 0-1

[Event "4NCL/Div4/CELT2 vs. KJCAK"]
[Site "Birmingham ENG"]
[Date "2007.10.28"]
[Round "2.5"]
[White "Larter, Nick"]
[Black "Maguire, Robert"]
[Result "1-0"]
[WhiteElo "1780"]
[BlackElo "1703"]
[PlyCount "39"]
[EventDate "2007.10.28"]
[EventType "team"]
[EventRounds "11"]
[EventCountry "ENG"]
[SourceDate "2007.09.15"]

1. e4 e5 2. Bc4 Nf6 3. d4 exd4 4. Nf3 Bc5 5. e5 Ne4 6. Bd5 Bb4+ 7. c3 dxc3 8.
O-O cxb2 9. Bxb2 Nc5 10. Qd4 Nba6 11. Qg4 Qe7 12. Qxg7 Qf8 13. Bxf7+ Qxf7 14.
Qxh8+ Ke7 15. Ng5 Qf5 16. Qg7+ Ke8 17. Nxh7 c6 18. Nf6+ Kd8 19. Qf8+ Kc7 20.
Ne8+ 1-0

[Event "4NCL/Div4/CELT2 vs. KJCAK"]
[Site "Birmingham ENG"]
[Date "2007.10.28"]
[Round "2.6"]
[White "Gahir, Jasdeep"]
[Black "Tew, Paul"]
[Result "1/2-1/2"]
[WhiteElo "1715"]
[BlackElo "1859"]
[PlyCount "41"]
[EventDate "2007.10.28"]
[EventType "team"]
[EventRounds "11"]
[EventCountry "ENG"]
[SourceDate "2007.09.15"]

1. e4 e6 2. d4 d5 3. Nc3 Bb4 4. e5 c5 5. Bd2 cxd4 6. Nb5 Bxd2+ 7. Qxd2 Nc6 8.
Nd6+ Kf8 9. Qf4 f6 10. Nf3 Nh6 11. O-O-O Nf7 12. Nxf7 Kxf7 13. exf6 Qxf6 14.
Qxf6+ gxf6 15. Nxd4 e5 16. Nb5 Be6 17. Nd6+ Ke7 18. Nxb7 Rab8 19. Nc5 Rhc8 20.
c3 d4 21. Nxe6 1/2-1/2

[Event "4NCL/Div4/GUI5 vs. OXF2"]
[Site "Birmingham ENG"]
[Date "2007.10.28"]
[Round "2.1"]
[White "Shaw, Matthew"]
[Black "Ozeren, Kemal"]
[Result "1/2-1/2"]
[WhiteElo "1935"]
[BlackElo "2312"]
[PlyCount "73"]
[EventDate "2007.10.28"]
[EventType "team"]
[EventRounds "11"]
[EventCountry "ENG"]
[SourceDate "2007.09.15"]

1. e4 c6 2. d4 d5 3. exd5 cxd5 4. c4 Nf6 5. Nc3 e6 6. Nf3 Bb4 7. a3 Bxc3+ 8.
bxc3 O-O 9. Bd3 dxc4 10. Bxc4 Qc7 11. Qb3 Nbd7 12. O-O b6 13. Be2 Bb7 14. Bb2
Qf4 15. c4 Ng4 16. Bc1 Qc7 17. g3 Rac8 18. Bf4 e5 19. Nxe5 Ngxe5 20. dxe5 Nxe5
21. f3 Rfe8 22. Rad1 Qc6 23. Rd5 Ng6 24. Be3 Qe6 25. Rd3 Ne5 26. Rc3 Qh3 27.
Rf2 Rcd8 28. Bf4 Nxf3+ 29. Rcxf3 Rxe2 30. Rxe2 Bxf3 31. Qd3 Qg2+ 32. Rxg2 Rxd3
33. Rd2 Rxd2 34. Bxd2 Be2 35. c5 b5 36. Kf2 Bg4 37. Ke3 1/2-1/2

[Event "4NCL/Div4/GUI5 vs. OXF2"]
[Site "Birmingham ENG"]
[Date "2007.10.28"]
[Round "2.2"]
[White "Dickinson, Timothy R"]
[Black "Deswarte, Ian"]
[Result "1-0"]
[WhiteElo "2162"]
[BlackElo "1935"]
[PlyCount "89"]
[EventDate "2007.10.28"]
[EventType "team"]
[EventRounds "11"]
[EventCountry "ENG"]
[SourceDate "2007.09.15"]

1. e4 c5 2. c3 Nf6 3. e5 Nd5 4. d4 cxd4 5. Nf3 Nc6 6. Bc4 Nb6 7. Bb3 d6 8. exd6
Qxd6 9. cxd4 Bf5 10. Nc3 e6 11. O-O Be7 12. a4 O-O 13. a5 Nd5 14. Nb5 Qd7 15.
Bxd5 exd5 16. Bf4 a6 17. Nc3 Bb4 18. Ne5 Nxe5 19. Bxe5 Bxc3 20. bxc3 Rac8 21.
Qf3 Rc6 22. Rfe1 {=} Be4 23. Qe3 Rfc8 24. Ra3 Qe7 25. Qc1 Qd8 26. Qd2 b5 27.
axb6 Qxb6 28. f3 Bg6 29. Qa2 Qb5 30. Ra5 Qd3 31. Rxd5 Rxc3 32. Qe2 Re8 33. Bf4
f6 34. Qxd3 Rxd3 35. Rc1 Re7 36. Rd8+ Kf7 37. d5 Bf5 38. d6 Rd7 39. Ra8 g5 40.
Bg3 Ra3 41. Bf2 Ra2 42. Bc5 a5 43. Re1 a4 44. Re7+ Rxe7 45. dxe7 1-0

[Event "4NCL/Div4/GUI5 vs. OXF2"]
[Site "Birmingham ENG"]
[Date "2007.10.28"]
[Round "2.3"]
[White "Albrecht, Theo"]
[Black "Starkie, Ray"]
[Result "0-1"]
[WhiteElo "1900"]
[BlackElo "2140"]
[PlyCount "58"]
[EventDate "2007.10.28"]
[EventType "team"]
[EventRounds "11"]
[EventCountry "ENG"]
[SourceDate "2007.09.15"]

1. e4 c5 2. d3 e6 3. f4 d5 4. e5 Nc6 5. Nf3 Bd7 6. c3 Nh6 7. Na3 Be7 8. Nc2 O-O
9. Be2 f6 10. O-O Qc7 11. d4 cxd4 12. cxd4 Rac8 13. Bd2 Nxe5 14. fxe5 Qxc2 15.
Bc3 Qxd1 16. Raxd1 Nf5 17. Rf2 Ne3 18. Rd2 Ng4 19. Rf1 fxe5 20. Nxe5 Nxe5 21.
Rxf8+ Rxf8 22. dxe5 Bc5+ 23. Kh1 Rf2 24. h3 Be3 25. Rc2 Bb5 26. Bg4 Rxc2 27.
Bxe6+ Kf8 28. Bxd5 Bc6 29. Bb4+ Bc5 0-1

[Event "4NCL/Div4/GUI5 vs. OXF2"]
[Site "Birmingham ENG"]
[Date "2007.10.28"]
[Round "2.4"]
[White "Bruce, Dave"]
[Black "Quinn, Joseph"]
[Result "1-0"]
[WhiteElo "2109"]
[BlackElo "1758"]
[PlyCount "33"]
[EventDate "2007.10.28"]
[EventType "team"]
[EventRounds "11"]
[EventCountry "ENG"]
[SourceDate "2007.09.15"]

1. e4 e5 2. Nf3 Nc6 3. Bc4 Bc5 4. c3 Nf6 5. d3 d6 6. Nbd2 O-O 7. O-O Qe7 8. Re1
Be6 9. Bb5 Bd7 10. h3 Rfe8 11. Ba4 h6 12. Nf1 Bb6 13. Ng3 Rad8 14. d4 a6 15.
Bb3 Na7 16. Nh4 exd4 17. Ng6 1-0

[Event "4NCL/Div4/GUI5 vs. OXF2"]
[Site "Birmingham ENG"]
[Date "2007.10.28"]
[Round "2.5"]
[White "Kokossis, Danae"]
[Black "Lang, Heather"]
[Result "0-1"]
[WhiteElo "1750"]
[BlackElo "2072"]
[PlyCount "60"]
[EventDate "2007.10.28"]
[EventType "team"]
[EventRounds "11"]
[EventCountry "ENG"]
[SourceDate "2007.09.15"]

1. e4 e5 2. Nf3 Nc6 3. Bc4 Nf6 4. Ng5 d5 5. exd5 Na5 6. Bb5+ c6 7. dxc6 bxc6 8.
Be2 h6 9. Nf3 e4 10. Ne5 Bd6 11. d4 exd3 12. Nxd3 Qc7 13. Nc3 O-O 14. b3 Rb8
15. Be3 c5 16. Nb2 Be5 17. Nca4 Rd8 18. Qc1 c4 19. h3 Nd5 20. O-O Nf4 21. Bf3
Bb7 22. Bxb7 Ne2+ 23. Kh1 Nxc1 24. Bxa7 Rxb7 25. Bb6 Rxb6 26. Nxb6 Qxb6 27. Na4
Qf6 28. Raxc1 Qf4 29. g3 Qf3+ 30. Kg1 Rd2 0-1

[Event "4NCL/Div4/GUI5 vs. OXF2"]
[Site "Birmingham ENG"]
[Date "2007.10.28"]
[Round "2.6"]
[White "Morris, Graham"]
[Black "Mills, Nigel"]
[Result "1-0"]
[WhiteElo "2059"]
[BlackElo "1710"]
[PlyCount "117"]
[EventDate "2007.10.28"]
[EventType "team"]
[EventRounds "11"]
[EventCountry "ENG"]
[SourceDate "2007.09.15"]

1. e4 c5 2. Nf3 e6 3. Qe2 Ne7 4. g3 Nbc6 5. Bg2 Ng6 6. O-O Be7 7. d3 d6 8. Nbd2
O-O 9. c3 Bd7 10. Ne1 Re8 11. f4 Bf6 12. Nc4 Qc7 13. Ne3 Nce7 14. Ng4 Kh8 15.
Nf3 Ng8 16. Nxf6 Nxf6 17. h3 Rad8 18. Be3 Bc8 19. Rae1 b6 20. g4 Ba6 21. Bc1 e5
22. f5 Nf4 23. Bxf4 exf4 24. Nd2 Nd5 25. Rf2 g6 26. c4 Ne3 27. Rxf4 Nc2 28.
Ref1 g5 29. R4f2 Nd4 30. Qd1 f6 31. Nf3 Nc6 32. Qd2 Rg8 33. Qc3 Qe7 34. Re1 h6
35. Rfe2 Rge8 36. a3 Bc8 37. b4 Ne5 38. d4 Nxf3+ 39. Bxf3 cxd4 40. Qxd4 Qe5 41.
Rd1 Kg7 42. Bg2 Qe7 43. Qe3 Bb7 44. Rd4 Qe5 45. Kf2 Rd7 46. Red2 Kf7 47. Qg3
Red8 48. Qxe5 fxe5 49. R4d3 Ba6 50. Rc3 Ke7 51. Bf1 Rc7 52. c5 dxc5 53. Rxd8
Bxf1 54. Rd5 Bb5 55. bxc5 Ba6 56. Rxe5+ Kf7 57. Rd5 Bb7 58. c6 Bxc6 59. Rd6 1-0

[Event "4NCL/Div4/MET vs. WOB"]
[Site "Birmingham ENG"]
[Date "2007.10.28"]
[Round "2.1"]
[White "Dickson, George"]
[Black "Davies, Matthew"]
[Result "0-1"]
[WhiteElo "2160"]
[BlackElo "1937"]
[PlyCount "112"]
[EventDate "2007.10.28"]
[EventType "team"]
[EventRounds "11"]
[EventCountry "ENG"]
[SourceDate "2007.09.15"]

1. e4 e6 2. d4 d5 3. Nc3 Nf6 4. Bg5 Be7 5. e5 Nfd7 6. Bxe7 Qxe7 7. Nf3 a6 8.
Bd3 c5 9. dxc5 Nc6 10. Qe2 Nxc5 11. O-O b5 12. a3 O-O 13. Qe3 Nd7 14. Qf4 f6
15. Qh4 g6 16. Rfe1 fxe5 17. Qxe7 Nxe7 18. Nxe5 Nxe5 19. Rxe5 Nc6 20. Ree1 Bd7
21. Ne2 e5 22. f3 Bf5 23. Nc1 Rae8 24. Bxf5 gxf5 25. Nb3 Rf6 26. Rad1 Rd6 27.
c3 Kf7 28. Kf2 Kf6 29. f4 e4 30. Ke3 a5 31. Nd4 Nxd4 32. Rxd4 Rc8 33. Red1 Ke6
34. a4 Rb8 35. R1d2 bxa4 36. Rxa4 Rb5 37. h3 h5 38. g3 Rdb6 39. Ra2 Rb7 40. Rg2
Rg7 41. b4 axb4 42. Ra6+ Kf7 43. Ra7+ Kg8 44. Rxg7+ Kxg7 45. cxb4 Rxb4 46. Ra2
d4+ 47. Kd2 Rb3 48. Ra7+ Kf6 49. Ra6+ Ke7 50. Ra7+ Kd6 51. Ra6+ Kc7 52. Rh6
Rxg3 53. Rxh5 Rg2+ 54. Ke1 e3 55. Rg5 Rh2 56. Rg3 Kd6 0-1

[Event "4NCL/Div4/MET vs. WOB"]
[Site "Birmingham ENG"]
[Date "2007.10.28"]
[Round "2.2"]
[White "Carpenter, Dai"]
[Black "Noden, Nicolas"]
[Result "1-0"]
[WhiteElo "1945"]
[BlackElo "2171"]
[PlyCount "53"]
[EventDate "2007.10.28"]
[EventType "team"]
[EventRounds "11"]
[EventCountry "ENG"]
[SourceDate "2007.09.15"]

1. d4 d6 2. c4 e5 3. dxe5 dxe5 4. Qxd8+ Kxd8 5. g3 Be6 6. Bg2 c6 7. b3 Nd7 8.
Ba3 Nh6 9. Nf3 f6 10. Bxf8 Rxf8 11. Nc3 Nf7 12. h4 Ke7 13. O-O-O a5 14. Ne1
Rfc8 15. Kb2 Nd6 16. Ne4 Nxe4 17. Bxe4 f5 18. Bg2 a4 19. Nc2 Ra6 20. f4 exf4
21. gxf4 axb3 22. axb3 Nc5 23. Kc3 b5 24. Ra1 bxc4 25. Rxa6 Nxa6 26. bxc4 c5
27. Bb7 1-0

[Event "4NCL/Div4/MET vs. WOB"]
[Site "Birmingham ENG"]
[Date "2007.10.28"]
[Round "2.3"]
[White "Vachtfeidl, Petr"]
[Black "Zhu, Yao Yao"]
[Result "1-0"]
[WhiteElo "2016"]
[BlackElo "1997"]
[PlyCount "61"]
[EventDate "2007.10.28"]
[EventType "team"]
[EventRounds "11"]
[EventCountry "ENG"]
[SourceDate "2007.09.15"]

1. e4 c5 2. Nf3 Nc6 3. d4 cxd4 4. Nxd4 Nf6 5. Nc3 e5 6. Ndb5 d6 7. Bg5 a6 8.
Na3 b5 9. Bxf6 gxf6 10. Nd5 f5 11. c3 Bg7 12. exf5 Bxf5 13. Nc2 O-O 14. Nce3
Be6 15. Bd3 f5 16. O-O e4 17. Nf4 Bf7 18. Bc2 Be5 19. g3 Ne7 20. Bb3 Bxf4 21.
gxf4 Bxb3 22. Qxb3+ Kh8 23. Kh1 Ng6 24. Nd5 Qh4 25. Qb4 Nxf4 26. Qd4+ Kg8 27.
Rg1+ Ng6 28. f4 Rf7 29. Rg5 Raa7 30. Rag1 Kf8 31. Qh8+ 1-0

[Event "4NCL/Div4/MET vs. WOB"]
[Site "Birmingham ENG"]
[Date "2007.10.28"]
[Round "2.4"]
[White "Healey, Michael"]
[Black "Calvert, D Ian"]
[Result "0-1"]
[WhiteElo "2010"]
[BlackElo "2058"]
[PlyCount "64"]
[EventDate "2007.10.28"]
[EventType "team"]
[EventRounds "11"]
[EventCountry "ENG"]
[SourceDate "2007.09.15"]

1. e4 d5 2. exd5 Qxd5 3. d4 e5 4. Qe2 Nc6 5. dxe5 Qxe5 6. Nc3 Qxe2+ 7. Bxe2 Bf5
8. Bf4 O-O-O 9. g4 Bxc2 10. Rc1 Bd3 11. Nb5 Bb4+ 12. Kf1 Bxb5 13. Bxb5 Bd2 14.
Bxd2 Rxd2 15. Bxc6 bxc6 16. b3 Nf6 17. g5 Ne4 18. Nh3 h6 19. Rc4 Nxg5 20. Nf4
Ne6 21. Nxe6 fxe6 22. Kg2 Rf8 23. Rhc1 Rxa2 24. Rxc6 Raxf2+ 25. Kg3 R8f7 26.
Ra6 R2f3+ 27. Kg2 Rxb3 28. Rxa7 Kb8 29. Rca1 e5 30. Ra8+ Kb7 31. Re8 Rb2+ 32.
Kg3 Rf5 0-1